000 01138nam a22002777a 4500
001 BD-DhSAU 9278
003 BD-DhSAU
005 20260202153228.0
008 150613b2018 bg a|||| m||| 00| 0 eng d
040 _aBD-DhSAU
082 _222
_a634.9
_bR1864
100 _aHALDER, RATAN CHANDRA
_eRegistration # 17-07683
245 _aUse of poultry biochar as an amendment for tomato (solanum lycopersicum l.) production in saline soil /
_bMS thesis
260 _aSher-e-Bangla Agricultural University :
_bDepartment of Agroforestry and environmental science,
_c2024.
300 _axi, 91p. :
_bill. ;
_c30 cm.
500 _aMS thesis of Department of agroforestry and environmental science, Faculty of Agriculture, Sher-e-Bangla Agricultural University, Dhaka, Bangladesh
504 _aIncludes bibliographical reference.
590 _aNazmul
650 _apoultry biochar
650 _atomato (solanum lycopersicum l.)
651 _asaline soil
700 _a Prof. Dr. Nazmun Naher
_eSuperviser
700 _a Prof. Dr. Jubayer Al -Mahmud
_eCo-superviser
942 _2ddc
_cTHESIS
999 _c18262
_d18261